[Event "Zone 3.1 Championship 2013"]
[Site "Doha, Qatar"]
[Date "2013.05.06"]
[Round "3.1"]
[White "Ghaem Maghami, Ehsan"]
[Black "Al-Sayed, Mohammed"]
[Result "1/2-1/2"]
[LiveChessVersion "1.4.1"]
[BlackElo "2502"]
[WhiteElo "2568"]

1. e4 {[%clk 1:28:57]} c6 {[%clk 1:27:39]} 2. c4 {[%clk 1:28:21]} d5
{[%clk 1:27:59]} 3. exd5 {[%clk 1:28:13]} cxd5 {[%clk 1:28:24]} 4. d4
{[%clk 1:28:25]} Nf6 {[%clk 1:28:46]} 5. Nc3 {[%clk 1:28:52]} Nc6
{[%clk 1:29:11]} 6. Bf4 {[%clk 1:28:44]} g6 {[%clk 1:29:24]} 7. c5
{[%clk 1:26:12]} Bg7 {[%clk 1:27:29]} 8. Bb5 {[%clk 1:26:09]} O-O
{[%clk 1:26:51]} 9. Nge2 {[%clk 1:25:42]} Ne4 {[%clk 1:27:04]} 10. O-O
{[%clk 1:24:27]} Nxc3 {[%clk 1:27:09]} 11. bxc3 {[%clk 1:24:42]} e5
{[%clk 1:27:26]} 12. dxe5 {[%clk 1:21:27]} Nxe5 {[%clk 1:27:51]} 13. Nd4
{[%clk 1:21:54]} Bd7 {[%clk 1:28:15]} 14. Qb3 {[%clk 1:09:58]} Rc8
{[%clk 1:18:26]} 15. Rfe1 {[%clk 1:06:34]} Re8 {[%clk 1:11:21]} 16. Bxe5
{[%clk 1:01:30]} Rxe5 {[%clk 1:05:37]} 17. Rxe5 {[%clk 0:44:52]} Bxe5
{[%clk 1:05:56]} 18. Qxd5 {[%clk 0:37:44]} Bxd4 {[%clk 1:06:14]} 19. Bxd7
{[%clk 0:35:49]} Bxc5 {[%clk 1:01:39]} 20. Rd1 {[%clk 0:28:48]} Rc7
{[%clk 1:01:48]} 21. Ba4 {[%clk 0:20:33]} Qxd5 {[%clk 0:46:00]} 22. Rxd5
{[%clk 0:19:34]} Bb6 {[%clk 0:46:25]} 23. Rd3 {[%clk 0:19:25]} Ba5
{[%clk 0:46:48]} 24. Kf1 {[%clk 0:17:46]} Bxc3 {[%clk 0:46:52]} 25. Rd7
{[%clk 0:14:54]} Rxd7 {[%clk 0:47:01]} 26. Bxd7 {[%clk 0:15:18]} Kf8
{[%clk 0:47:22]} 27. Bc8 {[%clk 0:14:58]} b5 {[%clk 0:45:56]} 28. a3
{[%clk 0:13:29]} a5 {[%clk 0:44:51]} 29. Bd7 {[%clk 0:12:59]} b4 {[%clk 0:45:04]}
30. axb4 {[%clk 0:13:24]} axb4 {[%clk 0:45:22]} 31. Ba4 {[%clk 0:13:43]} Ke7
{[%clk 0:45:43]} 32. Ke2 {[%clk 0:14:02]} Bd4 {[%clk 0:46:10]} 33. Bb3
{[%clk 0:14:04]} f5 {[%clk 0:46:21]} 34. f3 {[%clk 0:13:45]} Bg1 {[%clk 0:46:28]}
35. h3 {[%clk 0:13:57]} Kf6 {[%clk 0:46:42]} 36. Kd3 {[%clk 0:12:48]} Bf2
{[%clk 0:46:10]} 37. Ke2 {[%clk 0:12:08]} Bc5 {[%clk 0:46:27]} 38. Kd3
{[%clk 0:11:54]} Ke5 {[%clk 0:46:46]} 39. Bg8 {[%clk 0:11:47]} h6
{[%clk 0:47:04]} 40. Bf7 {[%clk 0:08:47]} g5 {[%clk 0:46:51]} 41. g4
{[%clk 0:07:36]} Kf4 {[%clk 0:45:58]} 42. Bg6 {[%clk 0:05:47]} Kxf3
{[%clk 0:40:39]} 43. Bxf5 {[%clk 0:06:07]} Kg3 {[%clk 0:41:04]} 44. Bg6
{[%clk 0:06:32]} 1/2-1/2

[Event "Zone 3.1 Championship 2013"]
[Site "Doha, Qatar"]
[Date "2013.05.06"]
[Round "3.3"]
[White "Golizadeh, Asghar"]
[Black "Nezad, Husein Aziz"]
[Result "1-0"]
[LiveChessVersion "1.4.1"]
[BlackElo "2410"]
[WhiteElo "2486"]

1. e4 {[%clk 1:27:52]} e5 {[%clk 1:30:52]} 2. Nf3 {[%clk 1:28:16]} Nc6
{[%clk 1:31:16]} 3. Bb5 {[%clk 1:28:40]} f5 {[%clk 1:30:28]} 4. Nc3
{[%clk 1:29:00]} fxe4 {[%clk 1:30:28]} 5. Nxe4 {[%clk 1:29:24]} Nf6
{[%clk 1:30:52]} 6. Nxf6+ {[%clk 1:29:29]} Qxf6 {[%clk 1:31:12]} 7. Qe2
{[%clk 1:29:53]} Be7 {[%clk 1:30:40]} 8. Bxc6 {[%clk 1:29:16]} bxc6
{[%clk 1:30:58]} 9. Qxe5 {[%clk 1:29:30]} d6 {[%clk 1:28:36]} 10. Qxf6
{[%clk 1:29:38]} Bxf6 {[%clk 1:28:58]} 11. d3 {[%clk 1:26:10]} Rb8
{[%clk 1:14:50]} 12. Rb1 {[%clk 1:23:48]} Bg4 {[%clk 1:02:00]} 13. Nd2
{[%clk 1:23:45]} Kd7 {[%clk 0:57:19]} 14. O-O {[%clk 1:12:52]} Rhe8
{[%clk 0:48:54]} 15. Ne4 {[%clk 1:04:33]} Be5 {[%clk 0:46:41]} 16. b3
{[%clk 0:55:17]} Bf5 {[%clk 0:35:55]} 17. Re1 {[%clk 0:47:56]} c5
{[%clk 0:34:25]} 18. Bd2 {[%clk 0:38:35]} Kc6 {[%clk 0:32:02]} 19. Ng3
{[%clk 0:23:05]} Bg6 {[%clk 0:31:39]} 20. Ne2 {[%clk 0:22:52]} Bf6
{[%clk 0:26:59]} 21. Nf4 {[%clk 0:22:20]} Bf7 {[%clk 0:27:17]} 22. Rxe8
{[%clk 0:22:38]} Rxe8 {[%clk 0:27:40]} 23. Kf1 {[%clk 0:22:22]} Bg5
{[%clk 0:20:20]} 24. Rd1 {[%clk 0:22:04]} d5 {[%clk 0:19:16]} 25. Ne2
{[%clk 0:21:58]} Bf6 {[%clk 0:19:27]} 26. Rc1 {[%clk 0:20:30]} Bb2
{[%clk 0:17:38]} 27. Rb1 {[%clk 0:19:56]} Bf6 {[%clk 0:18:02]} 28. Rc1
{[%clk 0:18:57]} Bb2 {[%clk 0:18:26]} 29. Rb1 {[%clk 0:19:20]} Bf6
{[%clk 0:18:24]} 30. Bc1 {[%clk 0:18:54]} g6 {[%clk 0:15:24]} 31. Bb2
{[%clk 0:18:57]} Bg5 {[%clk 0:15:50]} 32. Bc3 {[%clk 0:18:47]} Be6
{[%clk 0:15:34]} 33. Ng1 {[%clk 0:17:53]} Bf5 {[%clk 0:13:27]} 34. Nf3
{[%clk 0:17:44]} Bf4 {[%clk 0:13:50]} 35. h3 {[%clk 0:17:51]} Bc8
{[%clk 0:12:47]} 36. Re1 {[%clk 0:17:53]} Rxe1+ {[%clk 0:12:30]} 37. Kxe1
{[%clk 0:18:15]} Ba6 {[%clk 0:08:31]} 38. Bd2 {[%clk 0:17:06]} Bd6
{[%clk 0:08:54]} 39. Be3 {[%clk 0:15:01]} Bc8 {[%clk 0:06:22]} 40. Ke2
{[%clk 0:13:01]} Be6 {[%clk 0:04:51]} 41. Bd2 {[%clk 0:07:28]} Bg8
{[%clk 0:04:41]} 42. c4 {[%clk 0:03:29]} Kd7 {[%clk 0:29:59]} 43. Bc3
{[%clk 0:34:15]} Ke6 {[%clk 0:29:35]} 44. Bd2 {[%clk 0:32:49]} Kf6
{[%clk 0:26:08]} 45. Ne1 {[%clk 0:32:54]} Be6 {[%clk 0:25:58]} 46. Nc2
{[%clk 0:33:13]} dxc4 {[%clk 0:25:23]} 47. bxc4 {[%clk 0:33:23]} Bd7
{[%clk 0:24:43]} 48. Ne3 {[%clk 0:32:27]} Bc6 {[%clk 0:24:45]} 49. Ng4+
{[%clk 0:32:16]} Ke6 {[%clk 0:24:59]} 50. f3 {[%clk 0:32:39]} Ba4
{[%clk 0:19:03]} 51. Bc3 {[%clk 0:31:08]} Bc2 {[%clk 0:17:21]} 52. Nf2
{[%clk 0:31:17]} Kd7 {[%clk 0:16:22]} 53. Ne4 {[%clk 0:31:34]} Kc6
{[%clk 0:16:41]} 54. Ke3 {[%clk 0:30:51]} Be7 {[%clk 0:16:08]} 55. f4
{[%clk 0:30:15]} Kd7 {[%clk 0:15:26]} 56. Bf6 {[%clk 0:26:12]} Bd6
{[%clk 0:15:23]} 57. Bb2 {[%clk 0:26:30]} h5 {[%clk 0:14:16]} 58. Nc3
{[%clk 0:26:33]} 1-0

[Event "Zone 3.1 Championship 2013"]
[Site "Doha, Qatar"]
[Date "2013.05.06"]
[Round "3.4"]
[White "Ahmed, Ali Layth Ahmed"]
[Black "Tamra, Attallah"]
[Result "0-1"]
[LiveChessVersion "1.4.1"]
[BlackElo "2080"]
[WhiteElo "2319"]

1. d4 {[%clk 1:28:03]} Nf6 {[%clk 1:30:53]} 2. c4 {[%clk 1:27:56]} e6
{[%clk 1:30:42]} 3. Nc3 {[%clk 1:25:13]} Bb4 {[%clk 1:29:20]} 4. e3
{[%clk 1:25:37]} b6 {[%clk 1:29:21]} 5. Nge2 {[%clk 1:26:01]} Ba6
{[%clk 1:29:12]} 6. Ng3 {[%clk 1:24:21]} Bxc3+ {[%clk 1:28:11]} 7. bxc3
{[%clk 1:24:49]} d5 {[%clk 1:28:15]} 8. Ba3 {[%clk 1:22:36]} Bxc4
{[%clk 1:28:32]} 9. Bxc4 {[%clk 1:22:40]} dxc4 {[%clk 1:28:50]} 10. Qa4+
{[%clk 1:22:27]} Qd7 {[%clk 1:29:17]} 11. Qxc4 {[%clk 1:22:46]} Qc6
{[%clk 1:29:32]} 12. Qxc6+ {[%clk 1:22:13]} Nxc6 {[%clk 1:29:57]} 13. c4
{[%clk 1:18:47]} O-O-O {[%clk 1:27:59]} 14. O-O {[%clk 1:17:09]} Kb7
{[%clk 1:25:11]} 15. Rac1 {[%clk 1:16:57]} Rd7 {[%clk 1:24:06]} 16. f3
{[%clk 1:13:58]} Re8 {[%clk 1:18:10]} 17. Rfd1 {[%clk 1:13:17]} Red8
{[%clk 1:17:19]} 18. Bb2 {[%clk 1:08:51]} Nb4 {[%clk 1:03:25]} 19. a3
{[%clk 1:07:57]} Na6 {[%clk 1:03:53]} 20. e4 {[%clk 0:55:07]} Nc5
{[%clk 0:54:08]} 21. d5 {[%clk 0:54:21]} exd5 {[%clk 0:47:31]} 22. cxd5
{[%clk 0:48:23]} c6 {[%clk 0:36:51]} 23. Bd4 {[%clk 0:38:05]} cxd5
{[%clk 0:35:27]} 24. Bxc5 {[%clk 0:38:07]} bxc5 {[%clk 0:35:21]} 25. e5
{[%clk 0:38:22]} Ne8 {[%clk 0:33:57]} 26. Rxc5 {[%clk 0:38:43]} g6
{[%clk 0:32:37]} 27. Ne2 {[%clk 0:32:26]} d4 {[%clk 0:26:45]} 28. Rd3
{[%clk 0:31:05]} Nc7 {[%clk 0:25:39]} 29. Kf2 {[%clk 0:22:02]} Ne6
{[%clk 0:24:05]} 30. Rc4 {[%clk 0:21:53]} Rd5 {[%clk 0:18:23]} 31. f4
{[%clk 0:20:30]} h5 {[%clk 0:15:17]} 32. g3 {[%clk 0:20:01]} Kb6 {[%clk 0:15:21]}
33. Ke1 {[%clk 0:16:00]} a5 {[%clk 0:14:24]} 34. Rc1 {[%clk 0:08:45]} Nc5
{[%clk 0:13:48]} 35. Rb1+ {[%clk 0:09:06]} Kc6 {[%clk 0:13:20]} 36. Rd2
{[%clk 0:09:24]} d3 {[%clk 0:10:53]} 37. Nc3 {[%clk 0:09:06]} Rd4
{[%clk 0:11:20]} 38. Nb5 {[%clk 0:06:17]} Ra4 {[%clk 0:06:34]} 39. Nd6
{[%clk 0:05:54]} f6 {[%clk 0:05:08]} 40. Rc1 {[%clk 0:05:58]} fxe5
{[%clk 0:04:54]} 41. Nf7 {[%clk 0:19:50]} Rdd4 {[%clk 0:28:58]} 42. Nxe5+
{[%clk 0:19:37]} Kd5 {[%clk 0:28:07]} 43. Rb1 {[%clk 0:12:01]} Rxa3
{[%clk 0:25:16]} 44. Rb5 {[%clk 0:11:28]} Re4+ {[%clk 0:22:13]} 45. Kf2
{[%clk 0:10:31]} Rxe5 {[%clk 0:17:30]} 46. fxe5 {[%clk 0:09:49]} Kc4
{[%clk 0:17:44]} 47. Rxc5+ {[%clk 0:04:23]} Kxc5 {[%clk 0:17:53]} 48. Ke3
{[%clk 0:04:51]} Kd5 {[%clk 0:18:07]} 49. Kf4 {[%clk 0:05:05]} a4
{[%clk 0:16:32]} 50. e6 {[%clk 0:02:25]} Kxe6 {[%clk 0:16:56]} 51. Ke4
{[%clk 0:02:54]} Rb3 {[%clk 0:16:40]} 52. Kd4 {[%clk 0:01:26]} Rb5
{[%clk 0:15:47]} 53. Kc4 {[%clk 0:01:16]} Rd5 {[%clk 0:16:14]} 54. Kb4
{[%clk 0:00:35]} Rd4+ {[%clk 0:16:42]} 55. Kc3 {[%clk 0:00:37]} Kd5
{[%clk 0:17:04]} 56. h3 {[%clk 0:00:37]} Rc4+ {[%clk 0:17:29]} 0-1

[Event "Zone 3.1 Championship 2013"]
[Site "Doha, Qatar"]
[Date "2013.05.06"]
[Round "3.5"]
[White "Khader, Sami"]
[Black "Al-Hajiri, Bader"]
[Result "1-0"]
[LiveChessVersion "1.4.1"]
[BlackElo "2019"]
[WhiteElo "2374"]

1. d4 {[%clk 1:28:50]} d5 {[%clk 1:30:42]} 2. Nc3 {[%clk 1:28:25]} Nf6
{[%clk 1:29:58]} 3. Bg5 {[%clk 1:28:49]} Ne4 {[%clk 1:24:10]} 4. Nxe4
{[%clk 1:28:13]} dxe4 {[%clk 1:24:35]} 5. f3 {[%clk 1:25:39]} Bf5
{[%clk 1:18:11]} 6. fxe4 {[%clk 1:18:38]} Bxe4 {[%clk 1:18:31]} 7. Nf3
{[%clk 1:18:54]} c6 {[%clk 1:12:27]} 8. Qd2 {[%clk 1:16:31]} Nd7 {[%clk 1:11:03]}
9. O-O-O {[%clk 1:14:48]} Nf6 {[%clk 1:09:46]} 10. Kb1 {[%clk 1:13:59]} Bg6
{[%clk 1:05:07]} 11. Bf4 {[%clk 0:52:44]} e6 {[%clk 1:03:01]} 12. Ne5
{[%clk 0:49:40]} Bf5 {[%clk 0:59:57]} 13. h3 {[%clk 0:45:13]} Nd5
{[%clk 0:59:28]} 14. e3 {[%clk 0:42:30]} Bb4 {[%clk 0:58:17]} 15. Qf2
{[%clk 0:41:03]} O-O {[%clk 0:33:19]} 16. Bc4 {[%clk 0:40:25]} Be4
{[%clk 0:22:34]} 17. Nd3 {[%clk 0:36:41]} a5 {[%clk 0:21:58]} 18. Nc5
{[%clk 0:31:39]} b5 {[%clk 0:17:14]} 19. Bd3 {[%clk 0:18:50]} Bxd3
{[%clk 0:16:40]} 20. Nxd3 {[%clk 0:18:01]} Nxf4 {[%clk 0:15:06]} 21. Qxf4
{[%clk 0:17:44]} Bd6 {[%clk 0:13:29]} 22. Qf3 {[%clk 0:17:41]} Qb6
{[%clk 0:13:32]} 23. h4 {[%clk 0:16:50]} b4 {[%clk 0:13:32]} 24. h5
{[%clk 0:17:02]} Rfb8 {[%clk 0:08:18]} 25. h6 {[%clk 0:08:40]} g6
{[%clk 0:06:03]} 26. Ne5 {[%clk 0:09:07]} Qc7 {[%clk 0:05:53]} 27. Ng4
{[%clk 0:07:14]} b3 {[%clk 0:05:40]} 28. Nf6+ {[%clk 0:06:24]} Kh8
{[%clk 0:05:10]} 29. Ne8 {[%clk 0:06:16]} bxc2+ {[%clk 0:05:31]} 30. Kxc2
{[%clk 0:06:31]} Qe7 {[%clk 0:04:53]} 31. Nxd6 {[%clk 0:06:53]} f5
{[%clk 0:05:14]} 32. Qf4 {[%clk 0:06:23]} Kg8 {[%clk 0:04:46]} 33. e4
{[%clk 0:05:48]} Qc7 {[%clk 0:04:17]} 34. Qe5 {[%clk 0:05:20]} Rd8
{[%clk 0:03:30]} 35. Qxe6+ {[%clk 0:05:39]} 1-0

[Event "Zone 3.1 Championship 2013"]
[Site "Doha, Qatar"]
[Date "2013.05.06"]
[Round "3.2"]
[White "Al-Khelaifi, Aisha"]
[Black "Saleh, Nora Mohd"]
[Result "1/2-1/2"]
[LiveChessVersion "1.4.1"]
[BlackElo "1892"]
[WhiteElo "1681"]

1. e4 {[%clk 1:30:57]} c5 {[%clk 1:30:47]} 2. Nf3 {[%clk 1:30:35]} g6
{[%clk 1:30:57]} 3. c3 Nf6 {[%clk 1:24:55]} 4. e5 {[%clk 1:25:17]} Nd5
{[%clk 1:24:56]} 5. d4 {[%clk 1:25:26]} cxd4 {[%clk 1:25:00]} 6. cxd4
{[%clk 1:25:46]} e6 {[%clk 1:16:20]} 7. Nc3 {[%clk 1:12:31]} Nxc3
{[%clk 1:15:20]} 8. bxc3 {[%clk 1:12:56]} d6 {[%clk 1:11:40]} 9. Bf4
{[%clk 1:09:36]} d5 {[%clk 1:04:37]} 10. Qc1 {[%clk 1:07:13]} Qa5
{[%clk 1:02:44]} 11. Bd3 {[%clk 1:02:57]} Bd7 {[%clk 0:57:12]} 12. O-O
{[%clk 1:02:20]} Bg7 {[%clk 0:51:44]} 13. Qd2 {[%clk 0:59:26]} b5
{[%clk 0:47:28]} 14. Rfc1 {[%clk 0:58:11]} O-O {[%clk 0:46:31]} 15. Bh6
{[%clk 0:57:04]} a6 {[%clk 0:44:20]} 16. Bxg7 {[%clk 0:56:49]} Kxg7
{[%clk 0:44:48]} 17. Qg5 {[%clk 0:55:11]} Qd8 {[%clk 0:44:29]} 18. Qg3
{[%clk 0:53:24]} Nc6 {[%clk 0:43:37]} 19. h4 {[%clk 0:52:39]} Ne7
{[%clk 0:42:35]} 20. h5 {[%clk 0:50:45]} Ng8 {[%clk 0:41:17]} 21. Nh4
{[%clk 0:48:29]} Be8 {[%clk 0:39:27]} 22. f4 {[%clk 0:46:05]} f5 {[%clk 0:38:39]}
23. Be2 {[%clk 0:37:34]} Ra7 {[%clk 0:30:31]} 24. Kf2 {[%clk 0:33:29]} Kh8
{[%clk 0:26:04]} 25. hxg6 {[%clk 0:28:14]} Rg7 {[%clk 0:22:53]} 26. Rh1
{[%clk 0:28:01]} Nh6 {[%clk 0:21:15]} 27. Qh3 {[%clk 0:21:25]} Bxg6
{[%clk 0:20:14]} 28. Nxg6+ {[%clk 0:21:12]} Rxg6 {[%clk 0:20:42]} 29. Bh5
{[%clk 0:21:34]} Rg7 {[%clk 0:21:03]} 30. Bf3 {[%clk 0:20:33]} Ng4+
{[%clk 0:20:50]} 31. Ke2 {[%clk 0:17:54]} Qc7 {[%clk 0:20:21]} 32. Bxg4
{[%clk 0:15:30]} fxg4 {[%clk 0:19:54]} 33. Qe3 {[%clk 0:15:05]} a5
{[%clk 0:17:17]} 34. g3 {[%clk 0:12:44]} Rc8 {[%clk 0:17:18]} 35. Kd2
{[%clk 0:11:31]} Qc4 {[%clk 0:17:27]} 36. Rhc1 {[%clk 0:09:37]} Rg6
{[%clk 0:15:16]} 37. Qd3 {[%clk 0:08:37]} Rh6 {[%clk 0:13:37]} 38. Qxc4
{[%clk 0:08:04]} Rxc4 {[%clk 0:13:37]} 39. Rh1 {[%clk 0:08:23]} Rg6
{[%clk 0:13:03]} 40. Rac1 {[%clk 0:08:20]} Rg7 {[%clk 0:12:11]} 41. Rh6
{[%clk 0:07:49]} Re7 {[%clk 0:12:33]} 42. Rh4 {[%clk 0:07:46]} Rg7
{[%clk 0:08:49]} 43. Rh6 {[%clk 0:05:42]} Rc6 {[%clk 0:08:14]} 1/2-1/2

[Event "Zone 3.1 Championship 2013"]
[Site "Doha, Qatar"]
[Date "2013.05.06"]
[Round "3.4"]
[White "Hejazipour, Mitra"]
[Black "Al-Khelaifi, Salama"]
[Result "1-0"]
[LiveChessVersion "1.4.1"]
[BlackElo "1810"]
[WhiteElo "2236"]

1. d4 {[%clk 1:29:12]} d5 {[%clk 1:30:27]} 2. Nf3 {[%clk 1:29:03]} Nf6
{[%clk 1:30:38]} 3. c4 {[%clk 1:29:24]} e6 {[%clk 1:30:59]} 4. Nc3
{[%clk 1:29:49]} c6 {[%clk 1:30:56]} 5. e3 {[%clk 1:29:57]} Nbd7 {[%clk 1:30:40]}
6. Qc2 {[%clk 1:30:07]} Bd6 {[%clk 1:30:15]} 7. Bd3 {[%clk 1:30:11]} Qe7
{[%clk 1:29:58]} 8. O-O {[%clk 1:27:14]} O-O {[%clk 1:30:15]} 9. h3
{[%clk 1:19:58]} h6 {[%clk 1:26:59]} 10. b3 {[%clk 1:13:42]} dxc4
{[%clk 1:17:34]} 11. Bxc4 {[%clk 1:07:58]} e5 {[%clk 1:16:27]} 12. Nh4
{[%clk 1:05:16]} Qd8 {[%clk 0:52:33]} 13. Nf5 {[%clk 0:57:40]} Bc7
{[%clk 0:48:37]} 14. Ba3 {[%clk 0:46:19]} Re8 {[%clk 0:43:45]} 15. Nxh6+
{[%clk 0:37:18]} gxh6 {[%clk 0:36:34]} 16. Qg6+ {[%clk 0:37:24]} Kh8
{[%clk 0:36:12]} 17. Bxf7 {[%clk 0:37:03]} Rg8 {[%clk 0:30:27]} 18. Qxh6+
{[%clk 0:36:39]} Nh7 {[%clk 0:30:33]} 19. Bxg8 {[%clk 0:30:00]} Qxg8
{[%clk 0:30:26]} 20. Ne4 {[%clk 0:28:13]} Qg7 {[%clk 0:19:40]} 21. Qh5
{[%clk 0:27:12]} Ndf6 {[%clk 0:13:24]} 22. Nxf6 {[%clk 0:26:27]} Qxf6
{[%clk 0:13:52]} 23. Bb2 {[%clk 0:24:56]} Be6 {[%clk 0:10:44]} 24. dxe5
{[%clk 0:22:14]} Qe7 {[%clk 0:10:23]} 25. f4 {[%clk 0:22:12]} Rg8
{[%clk 0:08:26]} 26. Qf3 {[%clk 0:19:55]} Qh4 {[%clk 0:05:32]} 27. Kh2
{[%clk 0:10:58]} Rg7 {[%clk 0:03:56]} 28. e4 {[%clk 0:10:21]} Bg4
{[%clk 0:02:10]} 29. Qf2 {[%clk 0:09:39]} Qh5 {[%clk 0:02:38]} 30. Qxa7
{[%clk 0:05:07]} Bxh3 {[%clk 0:01:40]} 31. gxh3 {[%clk 0:05:09]} Qe2+
{[%clk 0:00:33]} 32. Qf2 {[%clk 0:05:04]} Qxe4 {[%clk 0:00:51]} 33. Rae1
{[%clk 0:04:25]} Qd5 {[%clk 0:01:09]} 34. Rg1 {[%clk 0:04:27]} Bb6
{[%clk 0:00:40]} 35. Qe2 {[%clk 0:02:53]} Rxg1 {[%clk 0:00:43]} 36. Rxg1
{[%clk 0:03:13]} Bxg1+ {[%clk 0:01:09]} 37. Kxg1 {[%clk 0:03:39]} Qc5+
{[%clk 0:00:56]} 38. Qf2 {[%clk 0:03:35]} Qd5 {[%clk 0:01:20]} 39. e6+
{[%clk 0:03:02]} Kg8 {[%clk 0:01:49]} 40. Qg3+ {[%clk 0:03:14]} Kf8
{[%clk 0:01:47]} 41. Qg7+ {[%clk 0:03:34]} Ke8 {[%clk 0:02:12]} 42. Qf7+
{[%clk 0:03:49]} Kd8 {[%clk 0:02:41]} 43. e7+ {[%clk 0:04:08]} 1-0